000 00626nam a2200205 i 4500
001 35021
003 ES-MaACL
005 20250809010601.0
007 t|
008 030211s1953 sp f |||| | spa d
100 1 _aBorrás, Tomás,
_d1891-1976
_930556
245 1 3 _aLa marina mercante /
_cpor Tomás Borrás.
260 _aMadrid :
_bPublicaciones Españolas,
_c1953.
300 _a28 p., [4] p. de lám. ;
_c24 cm.
490 1 _aTemas españoles ;
_v53
650 4 _aMarina mercante-
_zEspaña
_914791
830 0 _aTemas españoles ;
_v53
_9178712
852 _aES-MaACL
_j1980-F-6
999 _c35021
_d35021